000 00294nam a2200121 a 4500
005 20141022142004.0
008 100826s19uu xx 00 eng d
050 _aVCD
_bV17 2003
245 _aVaginal breech delivery.
650 _aVCD NUR
650 _aVAGINAL BREECH DELIVERY
942 _cAVM
999 _c276414
_d276414